[Event "NRW Class2 1718"]
[Site "Germany"]
[Date "2017.09.17"]
[Round "1.5"]
[White "Krueger, Erich"]
[Black "Tkachuk, Sergij"]
[Result "0-1"]
[WhiteElo "2057"]
[BlackElo "2110"]
[PlyCount "70"]
[EventDate "2017.09.17"]
[EventType "team-tourn"]
[EventRounds "9"]
[EventCountry "GER"]
[SourceTitle "EXT 2019"]
[Source "ChessBase"]
[SourceDate "2018.10.10"]
[SourceVersion "1"]
[SourceVersionDate "2018.10.10"]
[SourceQuality "1"]
[WhiteTeam "Essen Katernberg  II"]
[BlackTeam "Bochum SG II"]
[WhiteTeamCountry "GER"]
[BlackTeamCountry "GER"]

1. d4 Nf6 2. c4 g6 3. Nc3 Bg7 4. e4 d6 5. Be2 0-0 6. Bg5 h6 7. Be3 e5 8. d5 Nbd7 9. g4 Nc5 10. f3 a5 11. h4 h5 12. g5 Nh7 13. Nh3 Bxh3 14. Rxh3 f6 15. gxf6 Bxf6 16. Bf2 Rf7 17. Qc2 Nf8 18. 0-0-0 Bg7 19. Be3 Kh7 20. Qd2 Bf6 21. Qe1 Bg7 22. Qd2 Rf4 23. Bxf4 exf4 24. Kb1 Be5 25. Rh2 a4 26. Bf1 Qf6 27. Rc1 Ra6 28. Qg2 Rb6 29. Nd1 Bxb2 30. Nxb2 a3 31. Rc2 Na4 32. Qg5 Nc3+ 33. Ka1 Qd4 34. Rhd2 axb2+ 35. Rxb2 Rxb2 0-1

[Event "BL2-West 1516"]
[Site "Germany"]
[Date "2015.11.15"]
[Round "3.8"]
[White "Pauly, Carlo"]
[Black "Tkachuk, Sergij"]
[Result "1/2-1/2"]
[WhiteElo "2284"]
[BlackElo "2192"]
[PlyCount "93"]
[EventDate "2015.09.20"]
[EventType "team-tourn"]
[EventRounds "9"]
[EventCountry "GER"]
[SourceTitle "EXT 2017"]
[Source "ChessBase"]
[SourceDate "2016.10.25"]
[SourceVersion "1"]
[SourceVersionDate "2016.10.25"]
[SourceQuality "1"]
[WhiteTeam "Koeln Porz"]
[BlackTeam "Bochum"]
[WhiteTeamCountry "GER"]
[BlackTeamCountry "GER"]

1. d4 Nf6 2. c4 g6 3. Nc3 Bg7 4. e4 d6 5. Bd3 e5 6. d5 a5 7. Nge2 Bd7 8. Rb1 Na6 9. a3 Nc5 10. b4 axb4 11. axb4 Nxd3+ 12. Qxd3 0-0 13. 0-0 Nh5 14. c5 f5 15. Qc4 fxe4 16. c6 Bf5 17. cxb7 Ra7 18. Nxe4 Rxb7 19. f3 Qd7 20. Bd2 Nf6 21. N2c3 Rfb8 22. Nxf6+ Bxf6 23. Ne4 Bg7 24. Rbc1 Qe8 25. Rc2 Bd7 26. Rfc1 Bb5 27. Qa2 Ra8 28. Qb2 Qf7 29. Be3 h6 30. h3 g5 31. Rd2 Kh8 32. Qc2 Bf6 33. Qd1 Ba4 34. Qe1 Rxb4 35. Nxf6 Qxf6 36. Rxc7 Be8 37. Rdc2 Rab8 38. Kh2 Bf7 39. Qa1 Bxd5 40. Qa7 R4b7 41. Qa5 Rxc7 42. Rxc7 Be6 43. Rc6 Rd8 44. Qc7 Rd7 45. Qb8+ Rd8 46. Qc7 Rd7 47. Qb8+ 1/2-1/2

[Event "NRW Class2 1415"]
[Site "Germany"]
[Date "2015.04.26"]
[Round "9.7"]
[White "Tkachuk, Sergij"]
[Black "Peters, Ortwin"]
[Result "1/2-1/2"]
[WhiteElo "2143"]
[BlackElo "1961"]
[PlyCount "50"]
[EventDate "2014.09.14"]
[EventType "team-tourn"]
[EventRounds "9"]
[EventCountry "GER"]
[SourceTitle "EXT 2017"]
[Source "ChessBase"]
[SourceDate "2016.10.25"]
[SourceVersion "1"]
[SourceVersionDate "2016.10.25"]
[SourceQuality "1"]
[WhiteTeam "Bochum SG II"]
[BlackTeam "Wuppertal Bahn"]
[WhiteTeamCountry "GER"]
[BlackTeamCountry "GER"]

1. e4 Nf6 2. e5 Nd5 3. d4 d6 4. c4 Nb6 5. exd6 cxd6 6. Nc3 g6 7. Be3 Bg7 8. Rc1 0-0 9. b3 e6 10. Nf3 Bd7 11. h4 h5 12. Bd3 Nc6 13. Bb1 e5 14. dxe5 Nxe5 15. Ng5 Bc6 16. 0-0 Qd7 17. f3 Rad8 18. Nd5 Bxd5 19. cxd5 Qb5 20. Be4 Rc8 21. Qd2 Nbd7 22. Rfd1 a5 23. Bc2 Nc5 24. Ne4 Nxe4 25. Bxe4 Rfe8 1/2-1/2

[Event "NRW Class1 1213"]
[Site "Germany"]
[Date "2013.03.10"]
[Round "7.7"]
[White "Schulte, Jens"]
[Black "Tkachuk, Sergij"]
[Result "1/2-1/2"]
[WhiteElo "1798"]
[BlackElo "2164"]
[PlyCount "78"]
[EventDate "2012.09.16"]
[EventType "team-tourn"]
[EventRounds "9"]
[EventCountry "GER"]
[SourceTitle "EXT 2017"]
[Source "ChessBase"]
[SourceDate "2016.10.25"]
[SourceVersion "1"]
[SourceVersionDate "2016.10.25"]
[SourceQuality "1"]
[WhiteTeam "Bielefeld"]
[BlackTeam "Bochum II"]
[WhiteTeamCountry "GER"]
[BlackTeamCountry "GER"]

1. d4 Nf6 2. Bf4 g6 3. Nf3 Bg7 4. e3 0-0 5. Be2 d5 6. Nbd2 Nh5 7. Be5 f6 8. Bg3 Nxg3 9. hxg3 e5 10. c4 c6 11. Qb3 Rf7 12. cxd5 cxd5 13. dxe5 fxe5 14. e4 Be6 15. exd5 Bxd5 16. Bc4 Bxc4 17. Nxc4 Nc6 18. Rd1 Nd4 19. Nxd4 exd4 20. 0-0 Qd5 21. Nd2 Rd8 22. Rfe1 Qxb3 23. Nxb3 Rc7 24. Rd2 b6 25. Red1 Rc4 26. Nc1 Kf7 27. Nd3 Rdc8 28. Re2 Rc2 29. Re4 Re8 30. Rxe8 Kxe8 31. g4 g5 32. Kh2 Kd7 33. Kg3 a5 34. Kf3 Kd6 35. Ke4 Ke6 36. g3 b5 37. a3 Re2+ 38. Kf3 Rc2 39. Ke4 Re2+ 1/2-1/2

[Event "Duesseldorf Post op 28th"]
[Site "Duesseldorf"]
[Date "2012.12.28"]
[Round "4"]
[White "Tkachuk, Sergij"]
[Black "Coenen, Michael"]
[Result "1/2-1/2"]
[WhiteElo "2204"]
[BlackElo "2308"]
[PlyCount "41"]
[EventDate "2012.12.26"]
[EventType "swiss"]
[EventRounds "7"]
[EventCountry "GER"]
[SourceTitle "CBM 152 Extra"]
[Source "ChessBase"]
[SourceDate "2013.02.25"]
[SourceVersion "1"]
[SourceVersionDate "2013.02.25"]
[SourceQuality "1"]

1. e4 e5 2. Nf3 Nc6 3. d4 exd4 4. Nxd4 Bc5 5. Be3 Qf6 6. c3 Nge7 7. Bc4 0-0 8. 0-0 Bb6 9. f4 Nxd4 10. Bxd4 d5 11. e5 Qg6 12. Be2 Nf5 13. Bf2 Nh4 14. g3 Bh3 15. Bd3 Nf5 16. Qc2 Qe6 17. Re1 Nh4 18. Kh1 Bg2+ 19. Kg1 Bh3 20. Kh1 Bg2+ 21. Kg1 1/2-1/2